Sports Quiz

Random Sports or Basketball Quiz

The Nene quiz Stats

 Plays Quiz not verified by Sporcle

Challenge
Share
Tweet
Embed
Score 0/13 Timer 06:00
0 Plays Today
Hint Answer % Correct
What team does Nene play for?Denver Nuggets
94.7%
What country was Nene born in?Brazil
68.4%
What position does Nene play?Center
65.8%
What year was Nene drafted?2002
55.3%
What is Nene's jersey number?31
49.1%
How tall is Nene?6'11''
47.4%
What position in the draft was Nene taken?7th
43%
What NBA team drafted Nene?New York Knicks
33.3%
What is Nene's wingspan7'4'' 3/4
27.2%
What is Nene's birth name?Maybyner Rodney Hilario
8.8%
What city was Nene born in?Sao Carlos
7.9%
Before playing in the NBA, what team did Nene play for?Vasco da Gama
3.5%
What high school did Nene attend?Instituto Alvaro Guiao
0.9%

You're not logged in!

Compare scores with friends on all Sporcle quizzes.
Join for Free
OR
Log In

You Might Also Like...

Show Comments

Extras

Top Quizzes Today


Score Distribution

Your Account Isn't Verified!

In order to create a playlist on Sporcle, you need to verify the email address you used during registration. Go to your Sporcle Settings to finish the process.

Report this User

Report this user for behavior that violates our Community Guidelines.

Details: